Capitales mondiales par la proximité - une minute sprint - Statistiques

Statistiques générales
  • Ce quiz a été pris 1 060 fois
  • Le résultat moyen est 88 sur 196
Réponses sur la Carte
Les réponses sont colorées sur une échelle allant du rouge au vert en fonction du pourcentage des utilisateurs qui les ont devinées à leur premier essai. Vous pouvez retrouver ces pourcentages ci-dessous.
 
Statistiques - réponses
Capital % Correct
Luxembourg
97%
Vaduz
97%
Amsterdam
96%
Berlin
96%
Berne
96%
Bruxelles
96%
Ljubljana
96%
Monaco
96%
Prague
96%
Saint-Marin
96%
Andorre-la-Vieille
95%
Paris
95%
Londres
94%
Dublin
92%
Belgrade
83%
Riga
83%
Sarajevo
83%
Vilnius
83%
Minsk
82%
Podgorica
82%
Skopje
82%
Sofia
82%
Budapest
81%
Pristina
81%
Bratislava
80%
Tirana
80%
Rome
79%
Vatican
79%
Vienne
79%
Zagreb
79%
Alger
78%
Helsinki
75%
Tallinn
75%
Bucarest
73%
Copenhague
73%
Kiev
72%
Madrid
70%
Rabat
70%
Varsovie
70%
Moscou
68%
La Valette
67%
Nicosie
67%
Tunis
65%
Athènes
64%
Managua
64%
Ottawa
64%
San José
64%
Washington
64%
Ankara
63%
Chișinău
63%
Conakry
63%
Freetown
63%
Lisbonne
63%
Bissau
62%
Belmopan
61%
Banjul
60%
Amman
59%
Beyrouth
59%
Damas
59%
Jérusalem
59%
Stockholm
59%
Oslo
56%
Pékin
56%
Pyongyang
56%
Séoul
56%
Bagdad
55%
Dakar
55%
Abuja
54%
Mexico
53%
Sao Tomé
52%
Guatemala
51%
Nouakchott
51%
Panama
51%
San Salvador
51%
Tegucigalpa
51%
Bridgetown
50%
Erevan
50%
Koweït
50%
Port-d'Espagne
50%
Praia
50%
Saint George's
50%
Yamoussoukro
50%
Basseterre
49%
Caracas
49%
Castries
49%
Kingstown
49%
Roseau
49%
Saint John's
49%
Gaborone
48%
Kingston
48%
Maputo
48%
Mbabane
48%
Pretoria
48%
Harare
47%
Maseru
47%
Yaoundé
47%
Accra
46%
La Havane
46%
Lomé
46%
Nassau
46%
Porto-Novo
46%
Ouagadougou
45%
Bogotá
44%
Manama
44%
Saint-Domingue
44%
Brazzaville
43%
Kinshasa
43%
Niamey
43%
Brasilia
42%
Buenos Aires
42%
Libreville
42%
Malabo
42%
Montevideo
42%
Riyad
42%
Abou Dabi
40%
Doha
40%
Téhéran
40%
Bakou
38%
Djouba
38%
Le Caire
37%
Tbilissi
37%
Bujumbura
35%
Dodoma
35%
Georgetown
35%
Kampala
35%
Katmandou
35%
Kigali
35%
Nairobi
35%
Addis-Abeba
33%
Port-au-Prince
33%
Achgabat
32%
Asmara
32%
Islamabad
32%
New Delhi
31%
Bamako
30%
Djibouti
30%
Luanda
30%
Sanaa
30%
Mascate
29%
Tokyo
29%
Bangkok
27%
Naypyidaw
27%
Singapour
27%
Vientiane
27%
Hanoï
26%
Monrovia
26%
Douchanbé
25%
Ndjamena
25%
Tachkent
25%
Tripoli
25%
Jakarta
24%
Lima
24%
Phnom Penh
24%
Bichkek
21%
Quito
21%
Bangui
18%
Dacca
18%
Santiago
18%
Thimphou
18%
Canberra
17%
Reykjavik
17%
Astana
16%
Kaboul
16%
Khartoum
15%
Kuala Lumpur
14%
La Paz
14%
Lilongwe
13%
Lusaka
10%
Manille
10%
Nukuʻalofa
10%
Paramaribo
10%
Asunción
7%
Suva
7%
Wellington
7%
Antananarivo
6%
Apia
6%
Majuro
6%
Moroni
6%
Tarawa
6%
Yaren
6%
Colombo
5%
Malé
5%
Oulan-Bator
5%
Dili
4%
Windhoek
4%
Mogadiscio
3%
Palikir
2%
Taipei
2%
Bandar Seri Begawan
1%
Funafuti
1%
Honiara
1%
Port-Louis
1%
Port-Vila
1%
Victoria
1%
Melekeok
0%
Port Moresby
0%
Aucun quiz correspondant
Distribution des résultats
% des personnes avec chaque résultat
Percentile par nombre de réponses
Votre historique - résultats
Vous n’avez pas pris ce quiz